000 01063nam a2200265 a 4500
001 000040681
003 DO-SdBNP
005 20211118113008.0
008 130905s1991 dr ac 000 0 spa d
040 _aDO-SdBNP
_bspa
_cBNPHU
082 _a972.9342
_bM385p
100 1 _aMartínez, Lusitania
_92860
245 1 0 _aPalma sola :
_bopresión y esperanza (su geografía mítica y social) /
_cLusitania Martínez.
260 _aSanto Domingo :
_bCEDEE,
_c1991.
300 _a354 p. :
_bils., retrs. ;
_c24 cm.
500 _aIncluye datos biográficos del autor en la contracubierta
504 _aBibliografía : p. 347-352
590 _aInventarido, 2019/MFF
650 4 _aPalma sola (san juan, dominicana república)
_xHistoria
_967049
650 4 _aPalma sola (san juan, república dominicana)
_xCondiciones sociales
_967050
650 4 _aCulto
_zRepública Dominicana
_zPalma Sola
_xHistoria
_967051
710 2 _aCentro Dominicano de Estudios de la Educación (República Dominicana)
_919483
910 _aValidado. Control de calidad MFF
942 _2ddc
_cLBS1
999 _c40171
_d40171